000
00328 a2200169 4500
001
186688
020
_a
85-08-05543-9
040
_c
Magnum
100
_a
Orthof, Sylvia
240
1
0
_a
Avoada
_l
por
245
1
0
_a
Avoada
300
_a
32
362
0
_a
1995
440
1
_a
Ática
697
_a
LITERATURA INFANTO
942
_c
BK
999
_c
186688
_d
186688